| 000 | 00815nam a2200253Ia 4500 | ||
|---|---|---|---|
| 001 | 21852 | ||
| 005 | 20260320113318.0 | ||
| 008 | 260320s9999||||xx |||||||||||||| ||und|| | ||
| 020 | _a9783659805615 | ||
| 041 | _aING | ||
| 082 |
_a624.15136 _bL43 |
||
| 100 |
_aLelago, Alemu, _eAUT |
||
| 245 | 0 |
_aFundamentals of soil science _b |
|
| 246 |
_a _5 _b |
||
| 260 |
_aSaarbrücken : _bLap Lambert Academic Publishing, _c2015 |
||
| 300 |
_a277 páginas : _bfotografías, tablas ; _c22 cm. _e |
||
| 440 |
_a _n _v |
||
| 650 | _aTCA | ||
| 653 | _aPropiedades químicas y físicas del suelo; Clasificación de suelos | ||
| 654 | _aCIC | ||
| 700 |
_aBuraka, Tadele, _cAUT |
||
| 856 |
_uhttps://research-ebsco-com.ucsp.lookproxy.com/c/qxo6us/search _zVéase además: Base de datos EBSCOhost |
||
| 942 |
_cLIB _dJUS _fMAT _2ddc _n |
||
| 999 |
_c21852 _d21852 |
||